Načítá se...
Scandinavia /
| Médium: | Printed Book |
|---|---|
| Jazyk: | English |
| Vydáno: |
Amsterdam :
Time-Life Books,
1985.
|
| Edice: | Library of Nations
|
| LEADER | 00450nam a2200145Ia 4500 | ||
|---|---|---|---|
| 008 | 150624b xxu||||| |||| 00| 0 eng d | ||
| 999 | |c 40585 |d 40585 | ||
| 020 | |a 705408493 | ||
| 082 | |a 948 | ||
| 245 | |a Scandinavia / | ||
| 260 | |a Amsterdam : |b Time-Life Books, |c 1985. | ||
| 300 | |a 160 p. | ||
| 490 | |a Library of Nations | ||
| 942 | |c REF | ||
| 952 | |0 0 |1 0 |4 0 |6 948_000000000000000_SCA_R |7 0 |9 40582 |a UL |b UL |c CR |d 1998-09-01 |l 0 |o 948 SCA R |p 58706 |r 2012-10-27 |w 2012-10-27 |y REF | ||